The elements of style. (Record no. 15029)

000 -LEADER
fixed length control field 00880nam a2200217 a 4500
001 - CONTROL NUMBER
control field :::00012867$&:&@@
003 - CONTROL NUMBER IDENTIFIER
control field OkBaRHE
005 - DATE AND TIME OF LATEST TRANSACTION
control field 20110920204302.0
008 - FIXED-LENGTH DATA ELEMENTS--GENERAL INFORMATION
fixed length control field s1979 j 000 0 eng u
040 ## - CATALOGING SOURCE
Transcribing agency
100 1# - MAIN ENTRY--PERSONAL NAME
Personal name Strunk, William, 1869-1946.
245 14 - TITLE STATEMENT
Title The elements of style.
Statement of responsibility, etc By William Strunk, Jr., with revisions, an introd., and a chapter on writing by E. B. White.
250 ## - EDITION STATEMENT
Edition statement 3d ed.
260 ## - PUBLICATION, DISTRIBUTION, ETC. (IMPRINT)
Place of publication, distribution, etc New York, NY., :
Name of publisher, distributor, etc Macmillan
Date of publication, distribution, etc c1979
300 ## - PHYSICAL DESCRIPTION
Extent xvii, 85 p. ;
Dimensions 21 cm.
650 ## - SUBJECT ADDED ENTRY--TOPICAL TERM
Topical term or geographic name as entry element English Language
General subdivision Rhetoric
700 ## - ADDED ENTRY--PERSONAL NAME
Personal name White, E. B. (Elwyn Brooks), 1899-
942 ## - ADDED ENTRY ELEMENTS (KOHA)
Source of classification or shelving scheme
Koha item type Books
Copies
Koha item type Lost status Copy number Current Location Source of classification or shelving scheme Not for loan Shelving location Date acquired Withdrawn status Total Checkouts Date last seen Price effective from Permanent Location Barcode Full call number Date checked out Total Renewals Damaged status
Books 2   General Stacks2010-04-14  2010-04-142010-04-14RHEMA Bible Training College15109PE 1408 .S772   
Books 1RHEMA Bible Training College  General Stacks2010-04-14 12011-10-222010-04-14RHEMA Bible Training College12867PE 1408 .S7722011-09-201